00486nam a2200157Ia 45000010006000000050017000060080041000230410008000640820016000721000032000882450154001202600009002743000029002836500008003126540008003202546020260414151151.0260414t2021||||xx |||||||||||||| ||spa|| aESP a346.51bA32 aAguado López, JoséeAUT 0a¿Qué es la buena fe en los hechos? :bun enfoque doctrinario, normativo y jurisprudencial sobre la aplicación de la buena fe en el derecho civil c2021 a574 páginas : c25 cm. aDER aCDE